000 00390nam a22001457a 4500
005 20251007120827.0
008 250929b |||||||| |||| 00| 0 eng d
020 _a978-93-48189-44-8
041 _aeng
100 _aCHATURVEDI, HARIHAR PRASAD
_98702
245 _aNIBANDH KRANTI: RAJBHASHA KEE JYORTIJWALA
260 _aUTTAR PRADESH
_bAKSHAR PLANT
_c2024
300 _a160;P
942 _cBK
999 _c8841
_d8839